Dovoz poľnohospodárskych produktov z Ukrajiny do krajín Euróskej únie diplomová práca

Guardado en:
Detalles Bibliográficos
Autor principal: Šuba, Daniel
Autor Corporativo: Obchodná fakulta EU. Katedra medzinárodného obchodu
Otros Autores: Puškárová, Paula, 1985-
Formato: Libro
Lenguaje:eslovaco
Publicado: Bratislava 2025
Etiquetas: Agregar Etiqueta
Sin Etiquetas, Sea el primero en etiquetar este registro!

MARC

LEADER 00000nbm a2200000 4500
001 0310343
005 20251110133842.0
041 0 |a slo 
044 |a SK 
245 1 0 |a Dovoz poľnohospodárskych produktov z Ukrajiny do krajín Euróskej únie  |b diplomová práca  |c Daniel Šuba ; školiteľ: Paula Puškárová 
264 1 |a Bratislava  |c 2025 
300 |a 90 s. 
100 1 |a Šuba, Daniel 
700 1 |a Puškárová, Paula, 1985- 
710 2 |a Obchodná fakulta EU. Katedra medzinárodného obchodu